<?xml version="1.0" encoding="UTF-8"?>
<record
    xmlns:xsi="http://www.w3.org/2001/XMLSchema-instance"
    xsi:schemaLocation="http://www.loc.gov/MARC21/slim http://www.loc.gov/standards/marcxml/schema/MARC21slim.xsd"
    xmlns="http://www.loc.gov/MARC21/slim">

  <leader>04992cam a22004694i 4500</leader>
  <controlfield tag="003">PE-LiUPU</controlfield>
  <controlfield tag="005">20250731173324.0</controlfield>
  <controlfield tag="008">150625s2002    sp a    rb    000 0 spa d</controlfield>
  <datafield tag="020" ind1=" " ind2=" ">
    <subfield code="a">8481695149</subfield>
  </datafield>
  <datafield tag="035" ind1=" " ind2=" ">
    <subfield code="a">(Sirsi) i9788481695144</subfield>
  </datafield>
  <datafield tag="040" ind1=" " ind2=" ">
    <subfield code="a">PE-LiUPU</subfield>
    <subfield code="b">spa</subfield>
    <subfield code="c">PE-LiUPU</subfield>
    <subfield code="e">rda</subfield>
  </datafield>
  <datafield tag="049" ind1=" " ind2=" ">
    <subfield code="a">PRUA</subfield>
  </datafield>
  <datafield tag="082" ind1="0" ind2="4">
    <subfield code="a">220.48415</subfield>
    <subfield code="b">G25</subfield>
    <subfield code="2">21</subfield>
  </datafield>
  <datafield tag="100" ind1="1" ind2=" ">
    <subfield code="a">Garc&#xED;a Santos, Amador-&#xC1;ngel,</subfield>
    <subfield code="e">autor.</subfield>
  </datafield>
  <datafield tag="245" ind1="1" ind2="0">
    <subfield code="a">Introducci&#xF3;n al griego b&#xED;blico /</subfield>
    <subfield code="c">Amador-&#xC1;ngel Garc&#xED;a Santos.</subfield>
  </datafield>
  <datafield tag="250" ind1=" " ind2=" ">
    <subfield code="a">3a.</subfield>
  </datafield>
  <datafield tag="264" ind1=" " ind2="1">
    <subfield code="a">Estella (Navarra) :</subfield>
    <subfield code="b">Verbo Divino,</subfield>
    <subfield code="c">2002.</subfield>
  </datafield>
  <datafield tag="300" ind1=" " ind2=" ">
    <subfield code="a">254 p&#xE1;ginas :</subfield>
    <subfield code="b">ilustraciones ;</subfield>
    <subfield code="c">24 cent&#xED;metros</subfield>
  </datafield>
  <datafield tag="336" ind1=" " ind2=" ">
    <subfield code="a">text</subfield>
    <subfield code="2">rdacontent</subfield>
  </datafield>
  <datafield tag="337" ind1=" " ind2=" ">
    <subfield code="a">unmediated</subfield>
    <subfield code="2">rdamedia</subfield>
  </datafield>
  <datafield tag="338" ind1=" " ind2=" ">
    <subfield code="a">volume</subfield>
    <subfield code="2">rdacarrier</subfield>
  </datafield>
  <datafield tag="504" ind1=" " ind2=" ">
    <subfield code="a">Incluye bibliograf&#xED;a.</subfield>
  </datafield>
  <datafield tag="505" ind1="0" ind2=" ">
    <subfield code="a">La lengua griega. -El alfabeto griego. -Vocales. -Diptongos. -Consonantes. -Puntuaci&#xF3;n. -Esp&#xED;ritus. -Acentos. -Reglas de los acentos. -Palabras sin acentos:  procl&#xED;ticas. -Ap&#xF3;strofe, di&#xE9;resis, coronis. -La flexi&#xF3;n griega. -Constituci&#xF3;n de la palabra griega. -Declinaci&#xF3;n en -o:  masculino y femenino singular.  -El art&#xED;culo singular masculino. -Tema de Presente:  Indicativo e Imperativo singular. -Valor local de los casos de la flexi&#xF3;n nominal. -Declinaci&#xF3;n en -o:  masculinos y femeninos plural. -Presente de Indicativo  e Imperativo plural. -Negaci&#xF3;n. -Oraciones interrogativas directas. -Uso del art&#xED;culo. -El verbo eim&#xED;. Presente:  Indicativo e Imperativo.  Valor temporal de los casos de la flexi&#xF3;n nominal. -El adjetivo. -El adverbio. -Declinaci&#xF3;n en-o:  Neutros. -Pronombres personales:  Singular. -El Infinito de presente- -El pronombre personal:  plural. -El futuro. -Part&#xED;culas de coordinaci&#xF3;n. -Imperfecto de indicativo. -Otros valores de la flexi&#xF3;n nominal. -Uso del infinitivo. -Construcci&#xF3;n y sentido de algunos verbos de uso frecuente. -El aumento de los verbos compuestos. -Declinaci&#xF3;n en -a (primera declinaci&#xF3;n):  Alfa pura. -Declinaci&#xF3;n en -a (primera declinaci&#xF3;n):  Alfa alargada. -El art&#xED;culo y el pronombre-adjetivo demostrativo ode. -Adjetivos de tres terminaciones (1.&#xBA; y 2&#xBA; declinaci&#xF3;n). -Masculinos de la declinaci&#xF3;n en -a. -Palabras encl&#xED;ticas. -Part&#xED;culas de subordinaci&#xF3;n adverbial. -Interrogaci&#xF3;n indirecta. -Verbo eimi. -Imperfecto de indicativo. -Declinaci&#xF3;n en -a (primera declinaci&#xF3;n):  Alfa impura. -Comparaci&#xF3;n del adjetivo. -Adjetivos de dos terminaciones. -El pronombre relativo. -algunos pronombres-adjetivos demostrativos y palabras emparentadas. -El adjetivo posesivo y el pronombre reflexivo. -El aoristo d&#xE9;bil (o Aoristo sigm&#xE1;tico, o Aoristo I). -El aspecto en la conjugaci&#xF3;n griega. -El tiempo en el modo indicativo. -Sintaxis. -Imperativo. -Las terceras personas. -Nombres contractos de la segunda declinaci&#xF3;n. -Adjetivos contractos de tres terminaciones. -El perfecto. -Funci&#xF3;n verbal del Infinitivo. -Oraciones subordinadas de Infinitivo. -Negaci&#xF3;n del Infinitivo. -La v euf&#xF3;nica. -Pronombre-adjetivo demostrativo outoc. -Conjunci&#xF3;n consecutiva Wote. -La tercera declinaci&#xF3;n.  Consideraciones generales.  Tercera declinaci&#xF3;n. -Temas en gutural y en labial. -El modo subjuntivo:  presente y aoristo. -El Subjuntivo de eim&#xED;. -Sintaxis del subjuntivo. -subjuntivo sin axv. -Tercera declinaci&#xF3;n. -Temas en nasal (-n). -Sintaxis del subjuntivo. -Subjuntivo con  axv. -Tercera declinaci&#xF3;n.  Temas en l&#xED;quida (-r, -1). -El optativo de eim&#xED;. -Sintaxis del optativo. -Algunas formas peculiares de radical en -r. -Optativo de los verbos tem&#xE1;ticos. -Visi&#xF3;n de conjunto de las oraciones condicionales. -Tercera declinaci&#xF3;n. -Temas en dental. -Aoristo fuerte. -(o aoristo radical, o Aoristo segundo). -Tercera declinaci&#xF3;n:  temas en -nt. -Participios en -ont. -Participio especificativo y sustantivado. -Tercera declinaci&#xF3;n. -Nombres contractos (temas en -s). -Perfecto medio-pasivo (excepto subjuntivo y optativo). -Significado de la voz medio-pasiva. -Verbos deponentes y semideponentes. -Verbos l&#xED;quidos y nasales. -Verbos con reduplicaci&#xF3;n en el tema de presente. -Sintaxis. -Verbos con sufijos. -Verbos con sufijo nasal. -Verbos atem&#xE1;ticos. -Verbos deponentes matem&#xE1;ticos.</subfield>
  </datafield>
  <datafield tag="526" ind1=" " ind2=" ">
    <subfield code="a">SEG42</subfield>
  </datafield>
  <datafield tag="526" ind1=" " ind2=" ">
    <subfield code="a">SEG41</subfield>
  </datafield>
  <datafield tag="526" ind1=" " ind2=" ">
    <subfield code="a">SEG40</subfield>
  </datafield>
  <datafield tag="526" ind1=" " ind2=" ">
    <subfield code="a">SEG39</subfield>
  </datafield>
  <datafield tag="526" ind1=" " ind2=" ">
    <subfield code="a">P94</subfield>
  </datafield>
  <datafield tag="526" ind1=" " ind2=" ">
    <subfield code="a">P87</subfield>
  </datafield>
  <datafield tag="526" ind1=" " ind2=" ">
    <subfield code="a">P86</subfield>
  </datafield>
  <datafield tag="526" ind1=" " ind2=" ">
    <subfield code="a">P85</subfield>
  </datafield>
  <datafield tag="526" ind1=" " ind2=" ">
    <subfield code="a">P77</subfield>
  </datafield>
  <datafield tag="526" ind1=" " ind2=" ">
    <subfield code="a">P76</subfield>
  </datafield>
  <datafield tag="526" ind1=" " ind2=" ">
    <subfield code="a">P35</subfield>
  </datafield>
  <datafield tag="541" ind1=" " ind2=" ">
    <subfield code="g">006-0034650;</subfield>
  </datafield>
  <datafield tag="650" ind1="0" ind2="4">
    <subfield code="a">Griego b&#xED;blico</subfield>
    <subfield code="x">Introducciones.</subfield>
  </datafield>
  <datafield tag="942" ind1=" " ind2=" ">
    <subfield code="2">ddc</subfield>
    <subfield code="c">BOOK</subfield>
  </datafield>
  <datafield tag="949" ind1=" " ind2=" ">
    <subfield code="a">220.48415 G25</subfield>
    <subfield code="w">DEWEY</subfield>
    <subfield code="c">1</subfield>
    <subfield code="i">57820</subfield>
    <subfield code="d">2016-8-14</subfield>
    <subfield code="e">2016-8-11</subfield>
    <subfield code="l">CCODEBUL1</subfield>
    <subfield code="m">BUL</subfield>
    <subfield code="n">4</subfield>
    <subfield code="p">34.00</subfield>
    <subfield code="r">0</subfield>
    <subfield code="s">Y</subfield>
    <subfield code="t">BOOK</subfield>
    <subfield code="u">2015-6-25</subfield>
    <subfield code="x">TEOLOGIA</subfield>
    <subfield code="z">UNKNOWN</subfield>
    <subfield code="0">COMPRA</subfield>
    <subfield code="o">.STAFF. Colecci&#xF3;n General</subfield>
  </datafield>
  <datafield tag="994" ind1=" " ind2=" ">
    <subfield code="a">C0</subfield>
    <subfield code="b">PEPRU</subfield>
  </datafield>
  <datafield tag="596" ind1=" " ind2=" ">
    <subfield code="a">1</subfield>
  </datafield>
  <datafield tag="999" ind1=" " ind2=" ">
    <subfield code="a">220.48415 G25</subfield>
    <subfield code="w">DEWEY</subfield>
    <subfield code="c">46818</subfield>
    <subfield code="i">57820</subfield>
    <subfield code="d">46818</subfield>
    <subfield code="e">2019-5-31</subfield>
    <subfield code="f">2021-11-9</subfield>
    <subfield code="g">5</subfield>
    <subfield code="l">CCODEBUL1</subfield>
    <subfield code="m">BUL</subfield>
    <subfield code="n">9</subfield>
    <subfield code="p">34.00</subfield>
    <subfield code="q">12</subfield>
    <subfield code="r">0</subfield>
    <subfield code="s">Y</subfield>
    <subfield code="t">BOOK</subfield>
    <subfield code="u">2015-6-25</subfield>
    <subfield code="x">TEOLOGIA</subfield>
    <subfield code="P">P35</subfield>
    <subfield code="0">COMPRA</subfield>
    <subfield code="o">.STAFF. Colecci&#xF3;n Teolog&#xED;a</subfield>
  </datafield>
  <datafield tag="980" ind1=" " ind2=" ">
    <subfield code="8">1</subfield>
    <subfield code="g">ALBERTO SANCHEZ Responsable de Automatizaci&#xF3;n</subfield>
  </datafield>
  <datafield tag="952" ind1=" " ind2=" ">
    <subfield code="r">2025-12-02 00:00:00</subfield>
    <subfield code="i">6</subfield>
    <subfield code="l">11</subfield>
    <subfield code="o">220.48415 G25</subfield>
    <subfield code="p">57820</subfield>
    <subfield code="s">2025-09-02</subfield>
    <subfield code="t">e1</subfield>
    <subfield code="v">39.00</subfield>
    <subfield code="w">2015-06-25</subfield>
    <subfield code="x">FT</subfield>
    <subfield code="y">BK</subfield>
    <subfield code="z">inventario-2023-12-13</subfield>
    <subfield code="1">0</subfield>
    <subfield code="2">ddc</subfield>
    <subfield code="5">0</subfield>
    <subfield code="7">0</subfield>
    <subfield code="8">GEN</subfield>
    <subfield code="f">P35</subfield>
    <subfield code="a">BUL</subfield>
    <subfield code="b">BUL</subfield>
    <subfield code="c">GEN</subfield>
    <subfield code="d">2015-06-25</subfield>
    <subfield code="e">COMPRA</subfield>
    <subfield code="g">34.00</subfield>
  </datafield>
</record>
